| 000 | 01117cam a22003375a 4500 | ||
|---|---|---|---|
| 001 | 12892499 | ||
| 005 | 20150913153814.0 | ||
| 008 | 020813t2003 njua frbe 001 0 eng d | ||
| 020 | _a0471241830 (sixe volume set) | ||
| 020 | _z0471229722 (v. 1) | ||
| 020 | _a0471229784 (v. 2) | ||
| 020 | _a0471229776 (v. 3) | ||
| 020 | _a0471229768 (v. 4) | ||
| 020 | _a0471425524 (v. 5) | ||
| 020 | _a0471425532 (v. 6) | ||
| 040 |
_aDLC _beng _cDLC _dEG-ScBUE |
||
| 082 | 0 | 4 |
_a660.299503 _bENC _222 |
| 245 | 0 | 0 |
_aEncyclopedia of catalysis / _c[editor-in-chief] István T. Horváth. |
| 260 |
_aHoboken : _bWiley-Interscience / John Wiley & Sons, Inc., _cc.2003. |
||
| 300 |
_a6 v. : _bill. ; _c26 cm. |
||
| 500 | _aIndex : v. 6, p. 697-770. | ||
| 500 | _aAlso available in an online in full color. | ||
| 504 | _aIncludes bibliographical references. | ||
| 650 | 0 |
_aCatalysis _vEncyclopedias. _2BUEsh |
|
| 650 | 0 |
_aCatalysts _vEncyclopedias. _2BUEsh |
|
| 651 | _2BUEsh | ||
| 653 |
_bENGCHE _cAugust2015 |
||
| 655 |
_vreading book _934232 |
||
| 700 | 1 |
_aHorváth, István T., _eeditor. |
|
| 942 |
_2ddc _k660.299503 ENC |
||
| 999 |
_c20777 _d20749 |
||